000
00283cam a2200109ua 4500
082
_a
821
_b
YEA/OX
100
_a
Yeats, W B.
_9
1962
245
_a
Oxford Book of Modern Verse 1892-1935 /
260
_a
London :
_b
Oxford at the Clarendon Press ,
_c
1960.
300
_a
450 ; .
942
_c
BK
999
_c
5322
_d
5322